[Event "Reykjavik op"]
[Site "Reykjavik"]
[Date "2023.04.04"]
[Round "9"]
[White "Grubauer, Gerhard"]
[Black "Rusten, Daniel Garatun"]
[Result "0-1"]
[WhiteElo "1564"]
[BlackElo "1169"]
[PlyCount "70"]
[EventDate "2023.03.29"]
[EventType "swiss"]
[EventRounds "9"]
[EventCountry "ISL"]
[SourceTitle "EXT 2024"]
[Source "ChessBase"]
[SourceDate "2023.10.10"]
[SourceVersion "1"]
[SourceVersionDate "2023.10.10"]
[SourceQuality "1"]

1. e4 e5 2. Nf3 Nc6 3. Bb5 a6 4. Ba4 b5 5. Bb3 d6 6. c3 Bg4 7. d3 Nf6 8. 0-0 Qd7 9. Be3 Be7 10. Nbd2 0-0 11. Qe1 h6 12. Bd1 d5 13. Nb3 dxe4 14. dxe4 Nxe4 15. Bxh6 Qf5 16. Be3 Rad8 17. h3 Bxh3 18. gxh3 Qxh3 19. Nh2 Rd6 20. Kh1 Bg5 21. Bg4 Qh4 22. Bxg5 Nxg5 23. f3 Qh7 24. Qb1 Qh4 25. Qe1 Qh6 26. Kg2 g6 27. f4 exf4 28. Rxf4 f5 29. Bd1 Qh3+ 30. Kg1 Re6 31. Qf1 Qg3+ 32. Kh1 Re1 33. Nc5 Rxf1+ 34. Rxf1 Kg7 35. Bf3 Rh8 0-1

[Event "Dresden ZMD op"]
[Site "Dresden"]
[Date "2009.07.25"]
[Round "1"]
[White "Grubauer, Gerhard"]
[Black "Rudolf, Sebastian"]
[Result "0-1"]
[WhiteElo "1805"]
[BlackElo "2162"]
[PlyCount "92"]
[EventDate "2009.07.25"]
[EventType "swiss"]
[EventRounds "9"]
[EventCountry "GER"]
[SourceTitle "CBM 131 Extra"]
[Source "ChessBase"]
[SourceDate "2009.09.03"]
[SourceVersion "2"]
[SourceVersionDate "2009.09.16"]
[SourceQuality "1"]

1. e4 c5 2. Nf3 Nc6 3. d4 cxd4 4. Nxd4 Qc7 5. Be3 e6 6. Nd2 a6 7. Bd3 Nf6 8. 0-0 Ne5 9. h3 d6 10. N2f3 Ned7 11. Nb3 Be7 12. Qd2 0-0 13. Nh2 b6 14. f3 d5 15. exd5 Nxd5 16. Be4 N7f6 17. Bxd5 Nxd5 18. c3 Nxe3 19. Qxe3 Bb7 20. Kh1 Rad8 21. Rfd1 Rxd1+ 22. Rxd1 Rd8 23. Rxd8+ Qxd8 24. Qe2 Bd6 25. Ng4 Bc7 26. Qd2 Qxd2 27. Nxd2 Bf4 28. Nf1 Kf8 29. Kg1 Ke7 30. Kf2 f5 31. Nge3 Bc7 32. Ke2 Kf6 33. h4 e5 34. Nd2 Ke6 35. Kd3 h5 36. Nef1 g6 37. g3 Bd8 38. Ne3 f4 39. gxf4 exf4 40. Ng2 Kf5 41. Ne4 Bxe4+ 42. fxe4+ Kg4 43. e5 Kg3 44. Nxf4 Kxf4 45. Kd4 Bxh4 46. Kd5 Bg5 0-1

[Event "Vlissingen HZ op 12th"]
[Site "Vlissingen"]
[Date "2008.08.02"]
[Round "1"]
[White "Timmermans, Ivo"]
[Black "Grubauer, Gerhard"]
[Result "1-0"]
[WhiteElo "2220"]
[BlackElo "1816"]
[PlyCount "41"]
[EventDate "2008.08.02"]
[EventType "swiss"]
[EventRounds "9"]
[EventCountry "NED"]
[SourceTitle "CBM 125 Extra"]
[Source "ChessBase"]
[SourceDate "2008.09.01"]
[SourceVersion "1"]
[SourceVersionDate "2008.09.01"]
[SourceQuality "1"]

1. e4 e5 2. Nf3 Nf6 3. Nxe5 d6 4. Nf3 Nxe4 5. d4 d5 6. Bd3 Bf5 7. 0-0 Bd6 8. c4 c6 9. Qb3 Qd7 10. Re1 Be7 11. Ne5 Qc8 12. f3 Nd6 13. c5 Bxd3 14. cxd6 Bh4 15. g3 0-0 16. Qxd3 Bf6 17. Nc3 Re8 18. Bf4 g5 19. Ng4 Bxd4+ 20. Qxd4 gxf4 21. Nh6+ 1-0